Arsenal Invincibles Season 03/04 - Statistics

General Stats
  • This quiz has been taken 7,312 times
    7,289 since last reset
  • The average score is 11 of 22
Answer Stats
Appearances Answer % Correct
37 Thierry Henry
99%
29 Patrick Vieira
88%
28 Dennis Bergkamp
87%
36 Robert Pires
87%
32 Ashley Cole
79%
38 Jens Lehmann
78%
35 Sol Campbell
78%
30 Fredrik Ljungberg
64%
37 Kolo Toure
63%
32 Lauren
61%
32 Gilberto Silva
56%
10 Martin Keown
45%
13 Jose Antonio Reyes
40%
12 Sylvian Wiltord
40%
25 Ray Parlour
39%
30 Edu
36%
10 Nwankwo Kanu
31%
12 Gael Clichy
28%
18 Pascal Cygan
23%
10 Jermaine Aliadiere
13%
1 David Bentley
8%
1 Justin Hoyte
6%
No matching quizzes found
Score Distribution
Percent of People with Each Score
Percentile by Number Answered
Your Score History
You have not taken this quiz since the last reset